| 000 | 01161nam a22002897a 4500 | ||
|---|---|---|---|
| 001 | BRCA_9347 | ||
| 003 | FranzMayer | ||
| 005 | 20230918121434.0 | ||
| 008 | 230825b |||||||| |||| 00| 0 eng d | ||
| 020 | _a9518965102 | ||
| 040 |
_aMFM _bespañol _cMFM |
||
| 050 | 0 |
_aNK1530.N87 _bH45 2000 |
|
| 110 | 1 |
_4Responsable _aHelsingin kaupungin taidemuseon jukaisuja _929249 |
|
| 240 |
_aAntti Numesniemi _hAjatuksia ja suunnitelma. To Reflect ant to Design _lFines/Inglés |
||
| 245 |
_aAntti Numesniemi. _bAjatuksia ja suunnitelma. To Reflect and to design |
||
| 260 |
_aHelsinki, Finlandia _bHelsingin kaupungin taidemuseon jukaisuja _c2000 |
||
| 300 |
_a199 p _bIlustraciones a color _c23 cm |
||
| 500 | _aAnexo 1 | ||
| 505 | _aTexto en: inglés/finesDirigido a: artistas y diseñadores | ||
| 650 | 1 |
_2Artes decorativas _aDecoración y ornamentación _vDiseño _929250 |
|
| 651 | 2 |
_2Diseño europeo _aDiseño fines _vAntti Nurmensntemi (1927-2003) _929251 |
|
| 700 | 1 |
_4Trad. _aKokkonen, Jyri _929252 |
|
| 700 | 1 |
_4Fot. _aMännynoksa, Hannu _929253 |
|
| 700 | 1 |
_4Fot. _aNiemela, Voitto _929254 |
|
| 700 | 1 |
_4Fot. _aPietinen, Matti _929255 |
|
| 942 |
_2lcc _cB |
||
| 999 |
_c10969 _d10969 |
||